Štatistické metódy v poisťovníctve
Výpočet konštantnej úrokovej miery. Poistenie pre prípad smrti, pre prípad smrti s výplatou poistenej sumy na konci roka úmrtia poistenca, predlehotový dôchodok. Prípad meniacej sa úrokovej miery.
Enregistré dans:
| Auteur principal: | |
|---|---|
| Format: | Chapitre de livre |
| Langue: | slovaque |
| Sujets: | |
| Tags: |
Pas de tags, Soyez le premier à ajouter un tag!
|
MARC
| LEADER | 00000naa a2200000 4500 | ||
|---|---|---|---|
| 001 | r021602 | ||
| 005 | 20230906071808.0 | ||
| 041 | 0 | |a slo | |
| 044 | |a SK | ||
| 245 | 1 | 0 | |a Štatistické metódy v poisťovníctve |c Rastislav Potocký |
| 520 | |a Výpočet konštantnej úrokovej miery. Poistenie pre prípad smrti, pre prípad smrti s výplatou poistenej sumy na konci roka úmrtia poistenca, predlehotový dôchodok. Prípad meniacej sa úrokovej miery. | ||
| 610 | 2 | 0 | |a poistenie životné |
| 610 | 2 | 0 | |a matematika poistná |
| 610 | 2 | 0 | |a miera úroková |
| 610 | 2 | 0 | |a metódy štatistické |
| 100 | 1 | |a Potocký, Rastislav | |